|
|
|
|
| LEADER |
00681nam a22002051a 4500 |
| 020 |
|
|
|a 9780415596565
|c 0.00
|
| 040 |
|
|
|a SSUS - Library - Kalady
|
| 082 |
|
|
|a 792.82
|b SUS/C
|
| 100 |
|
|
|a Susan Leigh Foster
|
| 245 |
|
|
|a Choreographing empathy : kinesthesia in performance
|h [Text]
|
| 260 |
|
|
|a Oxon
|b Routledge
|c 2011
|
| 300 |
|
|
|a 282p.
|
| 600 |
|
|
|a Arts
|
| 600 |
|
|
|a Choreography
|
| 600 |
|
|
|a Choreographing Empathy
|
| 600 |
|
|
|a Kinesthesia
|
| 852 |
|
|
|h 792.82
|i SUS/C
|p 062102
|9 2324.22
|t 0
|
| 942 |
|
|
|c BK
|
| 999 |
|
|
|c 7597
|d 7597
|
| 952 |
|
|
|0 0
|1 0
|4 0
|6 792_820000000000000_SUS_C
|7 0
|9 11434
|a SSUS
|b SSUS
|d 2015-01-08
|g 2324.22
|l 1
|o 792.82 SUS/C
|p 062102
|r 2018-12-31
|s 2018-07-25
|v 0.00
|w 2015-01-08
|y BK
|